<?xml version="1.0" encoding="UTF-8"?><?xml-stylesheet type="text/xsl" href="static/style.xsl"?><OAI-PMH xmlns="http://www.openarchives.org/OAI/2.0/" xmlns:xsi="http://www.w3.org/2001/XMLSchema-instance" xsi:schemaLocation="http://www.openarchives.org/OAI/2.0/ http://www.openarchives.org/OAI/2.0/OAI-PMH.xsd"><responseDate>2026-04-17T18:52:45Z</responseDate><request verb="GetRecord" identifier="oai:riubu.ubu.es:10259/7685" metadataPrefix="marc">https://riubu.ubu.es/oai/request</request><GetRecord><record><header><identifier>oai:riubu.ubu.es:10259/7685</identifier><datestamp>2025-06-04T10:32:03Z</datestamp><setSpec>com_10259_3844</setSpec><setSpec>com_10259_5086</setSpec><setSpec>com_10259_2604</setSpec><setSpec>col_10259_7686</setSpec><setSpec>col_10259_5684</setSpec></header><metadata><record xmlns="http://www.loc.gov/MARC21/slim" xmlns:doc="http://www.lyncode.com/xoai" xmlns:xsi="http://www.w3.org/2001/XMLSchema-instance" xmlns:dcterms="http://purl.org/dc/terms/" xsi:schemaLocation="http://www.loc.gov/MARC21/slim http://www.loc.gov/standards/marcxml/schema/MARC21slim.xsd">
<leader>00925njm 22002777a 4500</leader>
<datafield tag="042" ind1=" " ind2=" ">
<subfield code="a">dc</subfield>
</datafield>
<datafield tag="720" ind1=" " ind2=" ">
<subfield code="a">Hernández Muñoz, Sheila</subfield>
<subfield code="e">author</subfield>
</datafield>
<datafield tag="720" ind1=" " ind2=" ">
<subfield code="a">Perales Rondon, Juan Víctor</subfield>
<subfield code="e">author</subfield>
</datafield>
<datafield tag="720" ind1=" " ind2=" ">
<subfield code="a">Heras Vidaurre, Aránzazu</subfield>
<subfield code="e">author</subfield>
</datafield>
<datafield tag="720" ind1=" " ind2=" ">
<subfield code="a">Colina Santamaría, Álvaro</subfield>
<subfield code="e">author</subfield>
</datafield>
<datafield tag="260" ind1=" " ind2=" ">
<subfield code="c">2023-05-16</subfield>
</datafield>
<datafield tag="520" ind1=" " ind2=" ">
<subfield code="a">In the present work, a new combination of Raman and ultraviolet and visible (UV/Vis) absorption spectroelectrochemistry in reflection mode is proposed. The new experimental setup allows obtaining the two kinds of spectroscopic data without interferences concomitantly with the electrochemical information. To the best of our knowledge, it is the first time to report the simultaneous obtention of electrochemical, electronic, and vibrational information in the same experiment. This new combination provides time-resolved information about the processes that are taking place on the electrode/solution interface which has significant implications in different fields of chemistry, such as modification of electrodes, studies of electrocatalytic reaction mechanisms, development of sensors, among others. Two different systems were used to demonstrate the advantages and capabilities of the brand-new technique, namely, the oxidation of potassium ferrocyanide, an out-sphere system that is usually employed in the validation of SEC techniques, and the electrochemical-surface enhanced Raman spectroscopy (EC-SERS) detection of crystal violet by in-situ formation of the silver SERS substrate, where the UV/Vis spectra were used to follow the formation of the SERS substrate, whereas the Raman response of a probe molecule was used to confirm either the formation of a nanostructured surface and to obtain the fingerprint of the molecule with a high time resolution. The brand-new experimental setup has shown to be useful, versatile, robust, compact, and easy to use for future applications.</subfield>
</datafield>
<datafield tag="024" ind2=" " ind1="8">
<subfield code="a">Hernández Muñoz, Sheila; Perales Rondon, Juan Víctor; Heras Vidaurre, Aránzazu; Colina Santamaría, Álvaro; 2023; Dataset of the work “Simultaneous Raman and reflection UV/Vis absorption spectroelectrochemistry”; RIUBU; http://doi.org/10.71486/31n2-9626</subfield>
</datafield>
<datafield tag="024" ind2=" " ind1="8">
<subfield code="a">http://hdl.handle.net/10259/7685</subfield>
</datafield>
<datafield tag="024" ind2=" " ind1="8">
<subfield code="a">10.71486/31n2-9626</subfield>
</datafield>
<datafield ind1=" " ind2=" " tag="653">
<subfield code="a">Spectroelectrochemistry</subfield>
</datafield>
<datafield ind1=" " ind2=" " tag="653">
<subfield code="a">Surface enhanced Raman spectroscopy (SERS)</subfield>
</datafield>
<datafield ind1=" " ind2=" " tag="653">
<subfield code="a">Raman</subfield>
</datafield>
<datafield ind1=" " ind2=" " tag="653">
<subfield code="a">Ultraviolet and visible (UV/Vis)</subfield>
</datafield>
<datafield ind1=" " ind2=" " tag="653">
<subfield code="a">Absorption</subfield>
</datafield>
<datafield ind1=" " ind2=" " tag="653">
<subfield code="a">Nanoparticles</subfield>
</datafield>
<datafield tag="245" ind1="0" ind2="0">
<subfield code="a">Dataset of the work “Simultaneous Raman and reflection UV/Vis absorption spectroelectrochemistry”</subfield>
</datafield>
</record></metadata></record></GetRecord></OAI-PMH>